| 000 | 00413nam a22001697a 4500 | ||
|---|---|---|---|
| 003 | OSt | ||
| 005 | 20211015091727.0 | ||
| 008 | 211015b |||||||| |||| 00| 0 eng d | ||
| 020 | _a1845200748 | ||
| 040 | _cHU | ||
| 082 | _a304.23/QUA | ||
| 100 |
_aWENDY JAMES _99374 |
||
| 245 | _aTHE QUALITIES OF TIME ANTHROPOLOGICAL APPROACHES | ||
| 260 |
_aNEW YORK _bBERG _c2005 |
||
| 300 | _a373P | ||
| 942 |
_2ddc _cBOOKS _n0 |
||
| 999 |
_c12897 _d12897 |
||